Statistiques concernant Géographie asiatique par lettre - T

Cliquez ici pour prendre le quiz!

Statistiques générales

  • Ce quiz a été pris 246 fois
  • Le résultat moyen est 11 sur 20

Statistiques - réponses

indicerépondre% Correct
Capitale de l'IranTéhéran
100%
Pays bouddhiste annexé par la Chine en 1951Tibet
86%
Le plus célèbre mausolée du monde, en IndeTaj Mahal
83%
Fleuve mésopotamienneTigre
81%
Pays fondé par Kemal Ataturk en 1923Turquie
81%
Capitale de la GéorgieTbilissi
76%
La plus grande ville du monde au 20ème siècleTokyo
76%
Grande place (44 ha) à PékinPlace {Tian'anmen}
68%
La république de ChineTaïwan
66%
Le roi Rama X dirige ce pays depuis 2016Thaïlande
64%
Langue du sud de l'Inde et du Sri LankaTamoul
60%
Énorme région forestière de Sibérietaïga
57%
Capitale de TaïwanTaipei
57%
Ville antique en ruine,
site d'une guerre célèbre, en Turquie
Troie
39%
Langue des Philippinestagalog
32%
Ville portuaire chinoise adjacente à BeijingTientsin
24%
Grande baie vietnamienne près de HanoiGolfe du {Tonkin}
22%
Ancienne ville du sud du LibanTyr
21%
Le plus grand barrage de ChineTrois-Gorges
17%
Une énorme éruption il y a 70 000 ans
a formé ce lac de Sumatra
lac {Toba}
4%

Distribution des résultats

Percentile par nombre de réponses

% des personnes avec chaque résultat

Votre développement - résultats

Vous n’avez pas pris ce quiz